000 00641nam a2200241 a 4500
001 nice12345678
003 IN_TiNIC
005 20260116014421.0
008 050524s1990 cama grp 000 0 eng
020 _a0946621
_c946
082 0 0 _a305.608097
_bEAT
100 _aEaton, Gai
245 _aKing of the Castle
_b Choice and Responsibility in the Modern World
260 _aCambridge
_bIslamic Texts Society
_c1990
300 _a216p
500 _aincludes index and biblioraphy
505 2 _aIndex
650 _aIslam-Relations Christianity
700 1 _aEaton, Gai
902 _bSRS
942 _cBK
999 _c15205
_d15205